Building regulations to be integrated into BIM (Record no. 120995)

MARC details
000 -LEADER
fixed length control field 00707cai a22001815a 4500
001 - CONTROL NUMBER
control field L157878
008 - FIXED-LENGTH DATA ELEMENTS--GENERAL INFORMATION
fixed length control field 130625u2013 xxk g 000 0 eng d
035 ## - SYSTEM CONTROL NUMBER
System control number (Sirsi) u157878
041 0# - LANGUAGE CODE
Language code of text/sound track or separate title eng
100 ## - MAIN ENTRY--PERSONAL NAME
Personal name Lane, Thomas
245 00 - TITLE STATEMENT
Title Building regulations to be integrated into BIM
260 ## - PUBLICATION, DISTRIBUTION, ETC.
Place of publication, distribution, etc. Building
Date of publication, distribution, etc. 2013
520 ## - SUMMARY, ETC.
Summary, etc. Working group looks at ways to integrate regulations, planning and health and safety requirements into BIM models
650 24 - SUBJECT ADDED ENTRY--TOPICAL TERM
Topical term or geographic name entry element BIM
9 (RLIN) 6219
690 ## - LOCAL SUBJECT ADDED ENTRY--TOPICAL TERM (OCLC, RLIN)
Topical term or geographic name as entry element Building Regulations
9 (RLIN) 6224
856 40 - ELECTRONIC LOCATION AND ACCESS
Uniform Resource Identifier <a href="https://www.building.co.uk/news/building-regulations-to-be-integrated-into-bim/5056505.article">https://www.building.co.uk/news/building-regulations-to-be-integrated-into-bim/5056505.article</a>
Public note Download the briefing note free of charge at www.cliffordchance.com
942 ## - ADDED ENTRY ELEMENTS (KOHA)
Suppress in OPAC 0
Source of classification or shelving scheme Dewey Decimal Classification
Holdings
Withdrawn status Lost status Source of classification or shelving scheme Damaged status Not for loan Home library Current library Shelving location Date acquired Total Checkouts Full call number Barcode Date last seen Copy number Price effective from Koha item type
    Dewey Decimal Classification     Virtual Virtual Online 25/06/2013   ONLINE PUBLICATION 157878-1001 06/08/2019 1 06/08/2019 Online material